000 00557cam a22002291 4500
001 sa 65006780
003 DLC
005 20260227112145.0
008 950622s1962 pk 000 0 urdo
010 _asa 65006780
025 _aPL480:I-U-460
035 _a(OCoLC)32693343
040 _aDLC
_cCU
_dCU
_dDLC
042 _apremarc
050 0 0 _aPK2200.A7
_bK54
100 1 _aAslam, Muhammad,
_d1885-
245 1 0 _aK̲h̲vāb-i javānī.
260 _c[1962?
300 _a240 p.
_c19 cm.
500 _aIn Urdu.
500 _aText partially vocalized.
999 _c64867
_d64867